|
|
|
|
| LEADER |
00000nab a2200000 a 4500 |
| 001 |
vtls000644187 |
| 003 |
SK-MaSNL |
| 005 |
20260407043956.0 |
| 008 |
250425c1997 xo 0 slo |
| 015 |
|
|
|a SNBRB19rr/mm-uuuuu
|
| 035 |
|
|
|a CL0644326
|
| 035 |
|
|
|a (urnnbn)urn:nbn:sk:snk:ar-006rr1
|
| 035 |
|
|
|a (uuid)43f53dc1-7f12-48ed-9065-fccf7d089c57
|
| 035 |
|
|
|a urn:nbn:sk:snk-ab89be
|
| 040 |
|
|
|a SNKBUCL
|b slo
|c SNKBUCL
|e AACR2
|
| 041 |
0 |
|
|a slo
|
| 044 |
|
|
|a xo
|c SK
|
| 080 |
|
|
|a 502.7(437.6):504.7(437.6):574
|2 1981
|
| 080 |
|
|
|a 504.7(437.6)
|2 1981
|
| 080 |
|
|
|a 574
|2 1981
|
| 100 |
1 |
|
|a Vološčuk, Ivan,
|d 1935-2024
|4 aut
|9 98514
|
| 245 |
1 |
0 |
|a Máme národnú stratégiu ochrany biodiverzity na Slovensku
|c Ivan Vološčuk
|
| 300 |
|
|
|b Fotogr. 2
|
| 650 |
0 |
7 |
|a biodiverzita
|2 snkbucl
|9 3702
|
| 655 |
|
7 |
|a články z novín a časopisov
|2 snkbucl
|9 267496
|
| 773 |
0 |
|
|t Národné parky
|g Roč. 1, č. 2 (1997), s. 11-12
|x 1335-230X
|
| 850 |
|
|
|a Slovenská národná knižnica
|
| 852 |
|
|
|a Slovenská národná knižnica
|
| 954 |
|
|
|a odborná, vedecká literatúra pôvodná (slovenská)
|2 lita
|
| 958 |
|
|
|a article9
|
| 958 |
|
|
|a SK
|
| 958 |
|
|
|a MI
|
| 958 |
|
|
|a RK
|
| 958 |
|
|
|a OND
|
| 958 |
|
|
|a EUIPO
|
| 992 |
|
|
|a RBX
|
| 999 |
|
|
|c 2837070
|d 2839000
|